00473nam a2200157Ia 4500001000500000005001700005008004100022041000800063082001600071100008300087245009200170260000900262300002800271650000800299654000800307927420260306160711.0260306t2010||||xx |||||||||||||| ||spa|| aESP a378.01bI61 aInternational Association for the Promotion of Christian Higher EducationeAUT 0aChristian higher education and globalization in Asia/Oceania:brealities and challenges c2010 a259 páginas :c23 cm. aGEN aCED